Encyclopaedia survey of commonwealth games / (Record no. 45308)

MARC details
000 -LEADER
fixed length control field 01505nam a22002297a 4500
005 - DATE AND TIME OF LATEST TRANSACTION
control field 20100913113236.0
020 ## - INTERNATIONAL STANDARD BOOK NUMBER
International Standard Book Number 9788178847900
Terms of availability 3000.00 (set of 3 vols.)
037 ## - SOURCE OF ACQUISITION
Source of stock number/acquisition Pansy Books
082 ## - DEWEY DECIMAL CLASSIFICATION NUMBER
Classification number 796.03
100 ## - MAIN ENTRY--PERSONAL NAME
Personal name Laxman Singh
245 ## - TITLE STATEMENT
Title Encyclopaedia survey of commonwealth games /
Statement of responsibility, etc by Laxman Singh
260 ## - PUBLICATION, DISTRIBUTION, ETC. (IMPRINT)
Place of publication, distribution, etc New Delhi
Name of publisher, distributor, etc Cyber Tech Publications
Date of publication, distribution, etc 2011
270 ## - ADDRESS
City New Delhi
Address 4264/3, Ansari Road, Daryaganj,
Postal code 110002
300 ## - PHYSICAL DESCRIPTION
Extent 3V. (viii, 253p.; viii, 277p.; viii, 238p.) .
Dimensions 24cm(Hb)
490 ## - SERIES STATEMENT
Series statement Includes bibliographical references and index
-- 19669
505 ## - FORMATTED CONTENTS NOTE
Formatted contents note v.1- Commonwealth games: peeping through history; v.2- Commonwealth games: glimpses of host citiesv; v.3-A look at 2010 commonwealth games
942 ## - ADDED ENTRY ELEMENTS (KOHA)
Source of classification or shelving scheme Dewey Decimal Classification
Item type English Books
Classification part 796.03
Call number suffix LAX
Holdings
Withdrawn status Lost status Materials specified (bound volume or other part) Not for loan Collection code Home library Current library Date acquired Cost, normal purchase price Full call number Copy number Cost, replacement price Koha item type
    v.1- Commo Ordered Non-fiction Andrews Gunj Andrews Gunj 13/09/2010 3000.00 796.03 LAX 1 3000.00 English Books
    v.2- Commo Ordered Non-fiction Andrews Gunj Andrews Gunj 13/09/2010 3000.00 796.03 LAX 1 3000.00 English Books
    v.3-A look Ordered Non-fiction Andrews Gunj Andrews Gunj 13/09/2010 3000.00 796.03 LAX 1 3000.00 English Books

© Delhi Public Library
Hit Counter
free hit counter